000 01308nam2a2200229 4500
001 rc\3039481
005 20260315065453.0
035 _a(NLR Aleph) 007179840
090 _a13622563
_c13622563
100 _a20080301d1935 u y0rusy50 ca
101 0 _arus
102 _aRU
105 _ay z |||||
200 1 _aПредметы и оборудование хозяйственного и производственного обихода
_e(Вспом. и техн. изделия, спец и прозодежда, контор. и хоз. инвентарь)
210 _d1935
215 _aОбл., 16, [2] с.
_d21,5 см
461 0 _1001rc\2995313
_12001#$aЦенник отпускных номенклатурных цен на топливо, материалы и запасные части [паровозов и вагонов]$fДон. жел. дор.$vВып. 6
_97036927
_aДонецкие железные дороги
_cАртемовск
_d1935
_fДон. жел. дор.
_nБ. и.
_tЦенник отпускных номенклатурных цен на топливо, материалы и запасные части [паровозов и вагонов]
_vВып. 6
801 0 _aRU
_bNLR
_gpsbo
801 1 _aRU
_bELAR
_2rusmarc
852 _aNLR
_j35-17/81(2)
942 _cUNSPEC
980 _aNB